Where To See A Giant Panda Outside China - Statistics

General Stats
  • This quiz has been taken 14 times
  • The average score is 14 of 19
Answer Stats
Hint Answer % Correct
8 United States
100%
4 Germany
92%
5 Belgium
85%
2 Russia
85%
2 South Korea
85%
4 Spain
85%
2 United Kingdom
85%
2 Australia
77%
2 Austria
77%
4 France
77%
3 Netherlands
77%
9 Japan
69%
4 Malaysia
69%
2 Mexico
69%
1 Thailand
69%
2 Indonesia
62%
3 Singapore
62%
2 Denmark
31%
2 Finland
23%
No matching quizzes found
Score Distribution
Percent of People with Each Score
Percentile by Number Answered
Your Score History
You have not taken this quiz